| 000 | 00411nam a2200157Ia 4500 | ||
|---|---|---|---|
| 008 | 230718s9999 xx 000 0 und d | ||
| 041 | _aeng | ||
| 082 |
_a005.26'8 _bSAT |
||
| 100 |
_aSatone N. _9166576 |
||
| 245 | _aVisual Basic Programming | ||
| 260 |
_c2004 _bCentral Techno Publications |
||
| 300 | _a275 | ||
| 365 |
_cRs. _b150.00 |
||
| 700 |
_aSatone N. _9166576 |
||
| 906 |
_dB:1339/05.09.2005 _cCOMP _b30 |
||
| 999 |
_c311096 _d311096 |
||